00631nam a2200205Ia 4500003000900000008004100009040001300050040001300063041000800076100001900084245004900103250001000152260001500162260000900177300001000186490000600196942000700202999001700209952019900226IT-RoPAU120407s9999 xx 000 0 und d aIT-RoPAU cIT-RoPAU aita aCharles Poulet aInitiation à l’histoire ecclésiastique aParis aBeauchesne c1946 c19 cm v1 cBK c21160d21160 00102ddc406270_34000000000000071aPAULUSbPAULUSd2012-04-11l0o270.34r2012-04-11 00:00:00w2012-04-11yBKzInserito da: Mario In data: 19 settembre 2011 fondo: Via A.Severo 56 Progr:15350